| 000 | 00631nam a22001697a 4500 | ||
|---|---|---|---|
| 999 |
_c10208 _d10208 |
||
| 008 | 180806b ||||| |||| 00| 0 eng d | ||
| 082 |
_22017 _aUT 1005 _bB93 |
||
| 100 |
_930111 _aBulilan, Merlia M. |
||
| 245 |
_aConnotation of the lavender language of gays in digos city/ _cMerlia M. Bulilan, Jenilyn G. Alpanta and Daisy Mae S. Arebidon. |
||
| 260 |
_aDigos City: _bUMDC _cNovember 2017. |
||
| 300 |
_a54 pages; _b30 cm. |
||
| 650 | 0 |
_930112 _aEducation _vEnglish _xUndergraduate thesis. |
|
| 700 |
_930113 _aBulilan, Merlia M. |
||
| 700 |
_930114 _aAlpanta, Jenilyn G. |
||
| 700 |
_930115 _aArebidon, Daisy Mae S. |
||
| 942 |
_2ddc _cUT |
||